|
|
|
|
| LEADER |
00000nam0a2200000 4500 |
| 001 |
93479 |
| 005 |
20231101213905.0 |
| 020 |
|
|
|a RU
|b 84-47095
|
| 035 |
|
|
|a (RuTPU)RU\TPU\book\100090
|
| 090 |
|
|
|a 93479
|
| 100 |
|
|
|a 20060329d1982 k y0rusy5003 ca
|
| 101 |
0 |
|
|a rus
|
| 102 |
|
|
|a RU
|
| 105 |
|
|
|a a z 000zy
|
| 200 |
1 |
|
|a Теоретические и экспериментальные вопросы пожаротушения
|e сборник научных трудов
|f Всесоюзный научно-исследовательский институт противопожарной обороны; под ред. В. В. Дьякова
|
| 210 |
|
|
|a Москва
|c Изд-во ВНИИПО
|d 1982
|
| 215 |
|
|
|a 133 с.
|c ил.
|
| 610 |
1 |
|
|a пожаротушение
|
| 610 |
1 |
|
|a теория
|
| 610 |
1 |
|
|a расчеты
|
| 610 |
1 |
|
|a пены
|
| 610 |
1 |
|
|a сборники
|
| 675 |
|
|
|a 614.842
|v 3
|
| 702 |
|
1 |
|a Дьяков
|b В. В.
|4 340
|
| 712 |
0 |
2 |
|a Всесоюзный научно-исследовательский институт противопожарной обороны
|2 stltpush
|3 (RuTPU)RU\TPU\col\8877
|9 24620
|
| 801 |
|
0 |
|a RU
|b RuMRKP
|c 19950704
|g psbo
|
| 801 |
|
1 |
|a RU
|b 63413507
|c 20060329
|g PSBO
|
| 801 |
|
2 |
|a RU
|b 63413507
|c 20161214
|g PSBO
|
| 942 |
|
|
|c BK
|